[Event "XXVII Open Anniversario"]
[Site "Provaglio d'Iseo ITA"]
[Date "2010.11.19"]
[Round "4"]
[White "Brugaletta, Giorgio"]
[Black "Massetti, Euro"]
[WhiteElo "1675"]
[BlackElo "1919"]
[Result "0-1"]
[PlyCount "48"]
[EventDate "2010.10.29"]

1. d4 Nf6 2. c4 e6 3. a3 h6 4. Nf3 b6 5. Nc3 Bb7 6. Bf4 Be7 7. e3 Nh5 8. Bg3 d6
9. Nd2 Nxg3 10. hxg3 Nd7 11. Qg4 O-O 12. Qd1 Nf6 13. Rc1 c5 14. Nf3 Re8 15. Bd3
cxd4 16. exd4 e5 17. Bb1 exd4 18. Nxd4 Bxg2 19. Rh2 Bf8+ 20. Kd2 Ne4+ 21. Nxe4
Bxe4 22. Qg4 Bxb1 23. Rxh6 Bg6 24. Rch1 gxh6 0-1

[Event "XXVII Open Anniversario"]
[Site "Provaglio d'Iseo ITA"]
[Date "2010.11.19"]
[Round "4"]
[White "Cattaneo, Ugo"]
[Black "Conti, Ferdinando"]
[WhiteElo "1804"]
[BlackElo "1775"]
[Result "0-1"]
[PlyCount "64"]
[EventDate "2010.10.29"]

1. e4 c5 2. Nf3 Nc6 3. d4 cxd4 4. Nxd4 e5 5. Nb5 d6 6. N1c3 a6 7. Na3 b5 8. Nd5
Nf6 9. Bg5 Be7 10. Bxf6 Bxf6 11. Nxf6+ Qxf6 12. c3 O-O 13. Nc2 Rd8 14. Ne3 Be6
15. Be2 Qg6 16. O-O Rac8 17. Bd3 Ne7 18. Nd5 Nxd5 19. exd5 Bf5 20. Bxf5 Qxf5
21. a4 Qd7 22. b3 Rxc3 23. f4 b4 24. f5 Qa7+ 25. Kh1 f6 26. Rf3 Rdc8 27. Rxc3
Rxc3 28. h4 a5 29. Rc1 Qd4 30. Qe1 Rxc1 31. Qxc1 Qxh4+ 32. Kg1 Qd4+ 0-1

[Event "XXVII Open Anniversario"]
[Site "Provaglio d'Iseo ITA"]
[Date "2010.11.19"]
[Round "4"]
[White "Barucco, Mattia"]
[Black "Bettoni, Davide"]
[WhiteElo "1992"]
[BlackElo "1404"]
[Result "1/2-1/2"]
[PlyCount "50"]
[EventDate "2010.10.29"]

1. e4 e5 2. Nf3 Nc6 3. Bb5 d6 4. d4 Bd7 5. O-O Nf6 6. Re1 a6 7. Ba4 g6 8. c3 b5
9. Bb3 Bg7 10. Nbd2 O-O 11. Nf1 Re8 12. Ng3 Qe7 13. a4 Bg4 14. d5 Na5 15. Bc2
c5 16. dxc6 Nxc6 17. h3 Bd7 18. Bg5 Rad8 19. axb5 axb5 20. Qd2 Bc8 21. Bb3 Bb7
22. Bd5 Qd7 23. Rad1 Ne7 24. Bxb7 Qxb7 25. Qd3 Nc6 1/2-1/2

[Event "XXVII Open Anniversario"]
[Site "Provaglio d'Iseo ITA"]
[Date "2010.11.19"]
[Round "4"]
[White "Lazzaroni, Fabio"]
[Black "Cambieri, Mario"]
[WhiteElo "1827"]
[BlackElo "1889"]
[Result "0-1"]
[PlyCount "60"]
[EventDate "2010.10.29"]

1. e4 d5 2. exd5 Nf6 3. Nc3 Nxd5 4. Bc4 Nxc3 5. Qf3 e6 6. dxc3 Bd6 7. Bf4 O-O
8. O-O-O Qe7 9. Ne2 Bd7 10. Bxd6 cxd6 11. Qg3 Rc8 12. Bb3 d5 13. Rhe1 Nc6 14.
Nd4 Qf8 15. Nf3 a5 16. Ba4 Nb8 17. Bxd7 Nxd7 18. Nd4 Nf6 19. f3 Qc5 20. h4 b5
21. Re3 b4 22. Qe1 Rab8 23. Kb1 bxc3 24. Nb3 Qb4 25. Rd4 Rc4 26. bxc3 Qb6 27.
Kc1 a4 28. Nd2 Rxd4 29. cxd4 Qxd4 30. Kd1 Rb1+ 0-1

[Event "XXVII Open Anniversario"]
[Site "Provaglio d'Iseo ITA"]
[Date "2010.11.19"]
[Round "4"]
[White "De Bellis, Aldo"]
[Black "Vagliati, Massimo"]
[WhiteElo "1690"]
[BlackElo "1610"]
[Result "0-1"]
[PlyCount "74"]
[EventDate "2010.10.29"]

1. e4 c5 2. Nf3 Nc6 3. d4 cxd4 4. Nxd4 e6 5. Nc3 a6 6. Be2 Qc7 7. Be3 Nf6 8. f3
b5 9. O-O Be7 10. Bf2 Bd6 11. g3 Bb7 12. Ndxb5 axb5 13. Nxb5 Qb8 14. Nxd6+ Kf8
15. Nxb7 Qxb7 16. b3 Kg8 17. c3 h6 18. f4 Nxe4 19. Qd3 d5 20. Bd4 Nxd4 21. Qxd4
Kh7 22. Rfc1 Ra3 23. c4 Qb4 24. Bd3 f5 25. Bxe4 fxe4 26. Kg2 Rha8 27. Rc2 Kg8
28. Qe3 Rxb3 29. axb3 Rxa1 30. Kh3 Re1 31. Qf2 e3 32. Qf3 Qd2 33. Qg2 Qxg2+ 34.
Kxg2 d4 35. c5 d3 36. Rc3 d2 37. c6 Rc1 0-1

[Event "XXVII Open Anniversario"]
[Site "Provaglio d'Iseo ITA"]
[Date "2010.11.19"]
[Round "4"]
[White "Onger, Nicola"]
[Black "Cattaneo, Dario"]
[WhiteElo "1616"]
[BlackElo "1599"]
[Result "1-0"]
[PlyCount "90"]
[EventDate "2010.10.29"]

1. e4 e6 2. d4 d5 3. Nd2 b6 4. exd5 exd5 5. Ngf3 Nf6 6. Be2 Be7 7. O-O O-O 8.
c3 Re8 9. Re1 Nbd7 10. Bb5 Bb7 11. Ne5 a6 12. Bc6 Qc8 13. Bxb7 Qxb7 14. Nxd7
Nxd7 15. Nf3 Nf6 16. Ne5 c6 17. f3 h6 18. Qc2 Bd6 19. Qf5 Bxe5 20. Rxe5 Nd7 21.
Rxe8+ Rxe8 22. Kf2 Re6 23. Bd2 Rf6 24. Qh5 c5 25. Re1 Nf8 26. Re5 cxd4 27. Rxd5
dxc3 28. Bxc3 Re6 29. Rd8 Qe7 30. Qg4 g5 31. Qd4 Qc5 32. Qxc5 bxc5 33. Rc8 f6
34. Rxc5 Nd7 35. Rc4 Nb6 36. Rd4 Kf7 37. Rd8 Ke7 38. Rh8 f5 39. Rh7+ Kd6 40.
Ra7 Kc6 41. Rxa6 Kb5 42. Ra5+ Kc4 43. Rxf5 Nd5 44. Re5 Ra6 45. Re4+ Kd3 1-0

[Event "XXVII Open Anniversario"]
[Site "Provaglio d'Iseo ITA"]
[Date "2010.11.19"]
[Round "4"]
[White "Cosmai, Emanuele"]
[Black "Messina, Massimo"]
[WhiteElo "1467"]
[BlackElo "1460"]
[Result "0-1"]
[PlyCount "93"]
[EventDate "2010.10.29"]

1. e4 e5 2. Nf3 Nf6 3. Nc3 d6 4. d4 exd4 5. Nxd4 Be7 6. Bb5+ c6 7. Bd3 a6 8.
O-O Qb6 9. Nf3 Bg4 10. Re1 Nbd7 11. b3 Ne5 12. Be2 Bxf3 13. Bxf3 h6 14. a3 O-O
15. Bf4 Rad8 16. Be2 Ng6 17. Be3 c5 18. Nd5 Nxd5 19. exd5 Bf6 20. Rb1 Rfe8 21.
Bd3 Nf8 22. Qg4 Re5 23. Bxh6 Rxd5 24. Be3 Re8 25. f4 Rxe3 26. Rxe3 Bd4 27. Kf2
Bxe3+ 28. Kxe3 c4+ 29. Kd2 cxd3 30. cxd3 Qf2+ 31. Qe2 Qxf4+ 32. Kc2 Qxh2 33. a4
Ne6 34. Kb2 Qe5+ 35. Qxe5 dxe5 36. Kc3 Nf4 37. g3 Rxd3+ 38. Kc4 Rxg3 39. Re1 f6
40. Rd1 b5+ 41. axb5 axb5+ 42. Kxb5 Rxb3+ 43. Kc4 Rd3 44. Rxd3 Nxd3 45. Kxd3
Kf7 46. Ke4 Ke6 47. Ke3 0-1

[Event "XXVII Open Anniversario"]
[Site "Provaglio d'Iseo ITA"]
[Date "2010.11.26"]
[Round "5"]
[White "Cristiani, Cesare"]
[Black "Schaberg, Wolfgang"]
[WhiteElo "2159"]
[BlackElo "1941"]
[Result "1-0"]
[PlyCount "75"]
[EventDate "2010.10.29"]

1. d4 d5 2. c4 dxc4 3. e3 e5 4. Bxc4 exd4 5. exd4 Bb4+ 6. Nc3 Nf6 7. Nf3 O-O 8.
O-O a6 9. Bg5 Qd6 10. a3 Bxc3 11. bxc3 Bg4 12. h3 Bh5 13. Re1 Nbd7 14. g4 Bg6
15. Nd2 Nd5 16. Qf3 N7f6 17. Re5 c6 18. Bh4 h6 19. Bg3 Qd7 20. Rae1 Rfe8 21.
Ba2 Rxe5 22. Rxe5 b5 23. Nb3 Re8 24. Nc5 Qc8 25. c4 Nb6 26. cxb5 axb5 27. Qe2
Rxe5 28. dxe5 Nfd5 29. Qf3 Qf8 30. Nb7 Qa8 31. Nd6 b4 32. Bxd5 Nxd5 33. axb4
Nxb4 34. h4 Nd3 35. h5 Qa1+ 36. Kh2 Nxe5 37. Qe2 Bd3 38. Qxe5 1-0

[Event "XXVII Open Anniversario"]
[Site "Provaglio d'Iseo ITA"]
[Date "2010.11.26"]
[Round "5"]
[White "Massetti, Euro"]
[Black "Dieli, Alberto"]
[WhiteElo "1919"]
[BlackElo "1936"]
[Result "1-0"]
[PlyCount "79"]
[EventDate "2010.10.29"]

1. e4 e5 2. Nf3 Nc6 3. Bb5 f5 4. d3 Nf6 5. Nc3 Bb4 6. Bd2 Qe7 7. O-O f4 8. Nd5
Qd6 9. Nxb4 Nxb4 10. Bc4 Nc6 11. Bxf4 Qe7 12. Bg3 d6 13. h3 Be6 14. Bxe6 Qxe6
15. Ng5 Qe7 16. f4 h6 17. Nf3 Nh5 18. Bh4 Nf6 19. fxe5 dxe5 20. Bxf6 Qxf6 21.
Nd4 Qxf1+ 22. Kxf1 exd4 23. Qh5+ Ke7 24. Ke2 g5 25. Rf1 Ne5 26. h4 Rag8 27. Kd2
Rf8 28. Rxf8 Rxf8 29. Ke2 Kd7 30. hxg5 hxg5 31. Qxg5 Ke6 32. Qg7 Rf7 33. Qg8 b6
34. c3 c5 35. cxd4 cxd4 36. g4 Ke7 37. g5 Ng4 38. g6 Rf6 39. Qh7+ Ke6 40. g7
1-0

[Event "XXVII Open Anniversario"]
[Site "Provaglio d'Iseo ITA"]
[Date "2010.11.26"]
[Round "5"]
[White "Cambieri, Mario"]
[Black "Bettoni, Davide"]
[WhiteElo "1889"]
[BlackElo "1404"]
[Result "1-0"]
[PlyCount "75"]
[EventDate "2010.10.29"]

1. c4 Nf6 2. Nc3 e5 3. g3 Nc6 4. Bg2 Bc5 5. Nf3 O-O 6. O-O d6 7. d3 Re8 8. Nd2
a5 9. Nde4 Nxe4 10. Nxe4 Ba7 11. Bd2 Bg4 12. h3 Bh5 13. Kh2 f5 14. Ng5 Qd7 15.
f4 h6 16. Bd5+ Kh8 17. fxe5 Rxe5 18. Nf3 Re7 19. e4 Rf8 20. Bc3 Qe8 21. Qd2 Kh7
22. Nh4 g6 23. Rae1 fxe4 24. Rxf8 Qxf8 25. Bxe4 Rf7 26. Re2 Ne7 27. g4 Rf4 28.
Ng2 Bxg4 29. Qxf4 Qxf4+ 30. Nxf4 Bxe2 31. Nxe2 c6 32. Bxa5 Kg7 33. Bc3+ Kf7 34.
Kg3 d5 35. cxd5 Nxd5 36. Bxd5+ cxd5 37. Nf4 Bb8 38. Kf3 1-0

[Event "XXVII Open Anniversario"]
[Site "Provaglio d'Iseo ITA"]
[Date "2010.11.26"]
[Round "5"]
[White "Onger, Nicola"]
[Black "Barucco, Mattia"]
[WhiteElo "1616"]
[BlackElo "1992"]
[Result "1/2-1/2"]
[PlyCount "137"]
[EventDate "2010.10.29"]

1. e4 c6 2. d4 d5 3. e5 c5 4. c3 Nc6 5. Bb5 e6 6. Qg4 Bd7 7. Bxc6 bxc6 8. Ne2
h5 9. Qg5 Qxg5 10. Bxg5 Rb8 11. Bc1 cxd4 12. cxd4 c5 13. O-O Ne7 14. b3 Nf5 15.
Be3 Be7 16. Rc1 Bb5 17. Nbc3 O-O 18. Nxb5 Rxb5 19. Rc3 cxd4 20. Nxd4 Nxd4 21.
Bxd4 Ba3 22. Rc7 a5 23. Rd1 Rfb8 24. Kf1 R8b7 25. Rxb7 Rxb7 26. Rd3 Bb4 27. Bc3
Kh7 28. Ke2 g5 29. Rf3 Kg6 30. Kd3 Bxc3 31. Kxc3 Rb4 32. Kd3 a4 33. Kc3 Re4 34.
bxa4 g4 35. Rd3 Rxa4 36. Kb3 Ra8 37. Rd4 f6 38. exf6 Kxf6 39. Ra4 Rd8 40. Kc3
e5 41. Kd3 Kf5 42. g3 d4 43. Rb4 Rc8 44. Rb2 Rc3+ 45. Ke2 Ke4 46. Rd2 d3+ 47.
Ke1 Rc1+ 48. Rd1 Rxd1+ 49. Kxd1 Kd4 50. Kd2 e4 51. Kc1 Kc3 52. Kd1 Kb4 53. Kc1
Ka4 54. Kb2 Ka5 55. Kc3 Ka4 56. Kb2 Kb5 57. Kc3 Kc6 58. Kb3 Kd5 59. Kc3 Kc5 60.
Kd2 Kc4 61. Kc1 Kb4 62. Kb2 Ka4 63. Kc1 Kb5 64. Kd1 Kc6 65. Kd2 Kc5 66. Kc1 Kd5
67. Kd1 Ke6 68. Kd2 Kf7 69. Kc1 1/2-1/2

[Event "XXVII Open Anniversario"]
[Site "Provaglio d'Iseo ITA"]
[Date "2010.11.26"]
[Round "5"]
[White "Brugaletta, Giorgio"]
[Black "Cattaneo, Ugo"]
[WhiteElo "1675"]
[BlackElo "1804"]
[Result "1-0"]
[PlyCount "67"]
[EventDate "2010.10.29"]

1. d4 d5 2. c4 e6 3. Nc3 Nf6 4. Nf3 Nbd7 5. Bf4 c6 6. c5 Be7 7. e3 Nh5 8. Bg3
Nxg3 9. hxg3 Qc7 10. Qc2 h6 11. g4 e5 12. Nh4 e4 13. Nf5 Bf8 14. Be2 g6 15. Ng3
Nf6 16. O-O-O Nxg4 17. Bxg4 Bxg4 18. Rde1 h5 19. Nge2 Bh6 20. Kb1 O-O-O 21. Qa4
a6 22. Qb3 Bg5 23. Na4 h4 24. Nb6+ Kb8 25. Nc3 h3 26. gxh3 Bf3 27. a3 Bxh1 28.
Rxh1 Rh4 29. Na2 Rdh8 30. Nb4 Rxh3 31. Rxh3 Rxh3 32. N6xd5 Rh1+ 33. Ka2 Qd7 34.
Nxa6+ 1-0

[Event "XXVII Open Anniversario"]
[Site "Provaglio d'Iseo ITA"]
[Date "2010.11.26"]
[Round "5"]
[White "Vagliati, Massimo"]
[Black "Lazzaroni, Fabio"]
[WhiteElo "1610"]
[BlackElo "1827"]
[Result "1/2-1/2"]
[PlyCount "26"]
[EventDate "2010.10.29"]

1. d4 f5 2. c4 Nf6 3. Nf3 g6 4. Nc3 Bg7 5. e3 d6 6. Be2 O-O 7. Qb3 Qe8 8. c5+
Kh8 9. Bc4 h6 10. O-O a6 11. a4 Nc6 12. a5 dxc5 13. dxc5 e5 1/2-1/2

[Event "XXVII Open Anniversario"]
[Site "Provaglio d'Iseo ITA"]
[Date "2010.11.26"]
[Round "5"]
[White "Messina, Massimo"]
[Black "Bertoletti, Vincenzo"]
[WhiteElo "1460"]
[BlackElo "1737"]
[Result "1-0"]
[PlyCount "71"]
[EventDate "2010.10.29"]

1. e4 d5 2. exd5 Nf6 3. d4 Nxd5 4. c4 Nf6 5. Nc3 g6 6. Be3 Bg7 7. h3 O-O 8. Bd3
a6 9. Nf3 b6 10. O-O Bb7 11. Be2 Re8 12. Qb3 e6 13. Rfe1 Nbd7 14. Rad1 Rb8 15.
Ne5 Qe7 16. Bf3 Nxe5 17. Bxb7 Rxb7 18. dxe5 Nd7 19. Bf4 f6 20. exf6 Nxf6 21.
Ne2 c5 22. Bc1 Nh5 23. g4 Nf6 24. Nf4 Qf7 25. Rd6 Nd7 26. Rdxe6 Rxe6 27. Nxe6
Ne5 28. Nd8 Nf3+ 29. Kf1 Qd7 30. Qxf3 Rb8 31. Nc6 Rf8 32. Qd5+ Qxd5 33. cxd5
Rf3 34. Kg2 Rd3 35. b3 Rxd5 36. Ne7+ 1-0

[Event "XXVII Open Anniversario"]
[Site "Provaglio d'Iseo ITA"]
[Date "2010.11.26"]
[Round "5"]
[White "Cattaneo, Dario"]
[Black "Cosmai, Emanuele"]
[WhiteElo "1599"]
[BlackElo "1467"]
[Result "1/2-1/2"]
[PlyCount "112"]
[EventDate "2010.10.29"]

1. d4 d5 2. Nf3 Nf6 3. e3 b6 4. c4 Ba6 5. b3 e6 6. Bd3 c5 7. Bb2 Nc6 8. O-O h6
9. Re1 Bd6 10. cxd5 Bxd3 11. dxc6 Be4 12. Ne5 Qc7 13. Nd2 Bxc6 14. Ndf3 Rd8 15.
Nxc6 Qxc6 16. Qc2 O-O 17. dxc5 Be7 18. Rac1 bxc5 19. Bxf6 Bxf6 20. Qxc5 Qxc5
21. Rxc5 Rd3 22. g3 Rfd8 23. Rec1 Rd1+ 24. Rxd1 Rxd1+ 25. Kg2 Ra1 26. Ra5 g5
27. Rxa7 g4 28. Nd4 Rd1 29. b4 Bxd4 30. exd4 Rxd4 31. b5 Rb4 32. a4 Kg7 33. Ra6
Kf8 34. b6 Ke8 35. a5 Kd8 36. Ra7 Rb5 37. Rxf7 Rxa5 38. b7 Rb5 39. h3 h5 40.
hxg4 hxg4 41. Rg7 Rb4 42. Rg8+ Kc7 43. Rg7+ Kb8 44. Kf1 Re4 45. Rf7 e5 46. Kg2
Ka7 47. f3 Re2+ 48. Kf1 gxf3 49. Rxf3 Rb2 50. Rf7 Rxb7 51. Rxb7+ Kxb7 52. Kf2
Kc6 53. Ke3 Kd5 54. g4 e4 55. g5 Ke5 56. g6 Kf6 1/2-1/2

[Event "XXVII Open Anniversario"]
[Site "Provaglio d'Iseo ITA"]
[Date "2010.12.03"]
[Round "6"]
[White "Cambieri, Mario"]
[Black "Conti, Ferdinando"]
[WhiteElo "1889"]
[BlackElo "1775"]
[Result "1-0"]
[PlyCount "91"]
[EventDate "2010.10.29"]

1. c4 e5 2. Nc3 Nf6 3. g3 Bb4 4. Bg2 O-O 5. d3 Bxc3+ 6. bxc3 c6 7. e3 d5 8.
cxd5 cxd5 9. Ne2 Nc6 10. O-O Re8 11. Qc2 Bf5 12. Rd1 Qc8 13. Ba3 Qe6 14. c4 Bh3
15. cxd5 Nxd5 16. Rac1 Bxg2 17. Kxg2 Ndb4 18. Bxb4 Nxb4 19. Qb3 Qxb3 20. axb3
Nc6 21. d4 exd4 22. Nxd4 Nxd4 23. Rxd4 Kf8 24. Rd7 Re7 25. Rxe7 Kxe7 26. Rc7+
Kf6 27. Rxb7 a5 28. Rb6+ Ke7 29. g4 a4 30. bxa4 Rxa4 31. Kg3 Re4 32. h4 Re6 33.
Rxe6+ Kxe6 34. Kf4 Kf6 35. Ke4 Ke6 36. f4 g6 37. f5+ Kf6 38. g5+ Ke7 39. Ke5
Ke8 40. Kf6 Kf8 41. e4 Kg8 42. Ke7 gxf5 43. exf5 Kg7 44. f6+ Kg8 45. Ke8 h5 46.
Ke7 1-0

[Event "XXVII Open Anniversario"]
[Site "Provaglio d'Iseo ITA"]
[Date "2010.12.03"]
[Round "6"]
[White "Schaberg, Wolfgang"]
[Black "Dieli, Alberto"]
[WhiteElo "1941"]
[BlackElo "1936"]
[Result "0-1"]
[PlyCount "56"]
[EventDate "2010.10.29"]

1. e4 e5 2. Nf3 Nc6 3. Bb5 Nf6 4. d4 exd4 5. e5 Nd5 6. O-O a6 7. Ba4 Nb6 8. Bb3
Na5 9. Qxd4 Nxb3 10. axb3 Be7 11. Qg4 Kf8 12. Nc3 d5 13. Qh5 h6 14. Nd4 g6 15.
Qf3 c5 16. Nde2 g5 17. Rd1 Be6 18. Be3 Qd7 19. b4 cxb4 20. Bxb6 bxc3 21. Nxc3
Qc6 22. Qe3 Rc8 23. Rac1 g4 24. Ne2 Bg5 25. Nf4 Bxf4 26. Qxf4 Qxb6 27. Qf6 Kg8
28. Rxd5 Qxb2 0-1

[Event "XXVII Open Anniversario"]
[Site "Provaglio d'Iseo ITA"]
[Date "2010.12.03"]
[Round "6"]
[White "Barucco, Mattia"]
[Black "Vagliati, Massimo"]
[WhiteElo "1992"]
[BlackElo "1610"]
[Result "1/2-1/2"]
[PlyCount "84"]
[EventDate "2010.10.29"]

1. e4 c5 2. Nc3 Nc6 3. g3 e6 4. Bg2 Nf6 5. f4 d6 6. d3 a6 7. Nf3 Qc7 8. O-O Be7
9. h3 Nd4 10. Be3 Nxf3+ 11. Qxf3 Bd7 12. g4 h6 13. g5 Ng8 14. a4 Bc6 15. Qf2
O-O-O 16. d4 f6 17. dxc5 dxc5 18. Bxc5 Bxc5 19. Qxc5 hxg5 20. fxg5 Rh5 21. Nb5
Bxb5 22. Qxc7+ Kxc7 23. axb5 axb5 24. gxf6 Nxf6 25. Rfd1 Rxd1+ 26. Rxd1 e5 27.
Rd3 Rh4 28. Rg3 Rh7 29. Rb3 Kc6 30. Bf1 g5 31. Bxb5+ Kc5 32. Bf1 Kd4 33. Bg2
Kc5 34. Rc3+ Kd4 35. Rd3+ Kc5 36. Rd8 g4 37. hxg4 Nxg4 38. Rd5+ Kc6 39. Bf1 Ne3
40. Rxe5 Rg7+ 41. Kh1 Rh7+ 42. Kg1 Rg7+ 1/2-1/2

[Event "XXVII Open Anniversario"]
[Site "Provaglio d'Iseo ITA"]
[Date "2010.12.03"]
[Round "6"]
[White "Bettoni, Davide"]
[Black "Onger, Nicola"]
[WhiteElo "1404"]
[BlackElo "1616"]
[Result "0-1"]
[PlyCount "44"]
[EventDate "2010.10.29"]

1. d4 d5 2. c4 c6 3. Nc3 Nf6 4. Nf3 Bg4 5. e3 Qc7 6. Bd3 e6 7. c5 b6 8. b4 Nbd7
9. Bb2 Rb8 10. Rb1 Be7 11. O-O bxc5 12. bxc5 Bh5 13. h3 Bg6 14. Bxg6 hxg6 15.
Re1 Ne4 16. Nxe4 dxe4 17. Nd2 f5 18. Nc4 g5 19. a4 Kf7 20. f3 Qg3 21. fxe4 Rxh3
22. Qe2 Rbh8 0-1

[Event "XXVII Open Anniversario"]
[Site "Provaglio d'Iseo ITA"]
[Date "2010.12.03"]
[Round "6"]
[White "Messina, Massimo"]
[Black "Cattaneo, Ugo"]
[WhiteElo "1460"]
[BlackElo "1804"]
[Result "0-1"]
[PlyCount "33"]
[EventDate "2010.10.29"]

1. e4 e5 2. Bc4 Bc5 3. Nf3 Nc6 4. a3 d6 5. b4 Bb6 6. Bb2 Nf6 7. d3 O-O 8. h3
Be6 9. Nbd2 Ne7 10. Bxe6 fxe6 11. c3 Ng6 12. g3 d5 13. h4 h5 14. Ng5 Ng4 15.
Nxe6 Bxf2+ 16. Ke2 Bxg3 17. Nf3 0-1

[Event "XXVII Open Anniversario"]
[Site "Provaglio d'Iseo ITA"]
[Date "2010.12.03"]
[Round "6"]
[White "De Bellis, Aldo"]
[Black "Cattaneo, Dario"]
[WhiteElo "1690"]
[BlackElo "1599"]
[Result "1-0"]
[PlyCount "102"]
[EventDate "2010.10.29"]

1. e4 e6 2. d4 d5 3. exd5 exd5 4. Nf3 Nf6 5. Bd3 Be7 6. O-O O-O 7. Re1 Nbd7 8.
Bg5 Re8 9. Nbd2 c5 10. c4 cxd4 11. cxd5 Nxd5 12. a3 N7f6 13. Bb5 Bd7 14. Bxd7
Nxd7 15. Bxe7 Rxe7 16. Rxe7 Qxe7 17. Nxd4 N7f6 18. N2f3 g6 19. Rc1 Rd8 20. Qd2
Kg7 21. Re1 Ne4 22. Qc2 f5 23. Qc1 Rd7 24. Ng5 Rc7 25. Nge6+ Kf6 26. Nxc7 Qxc7
27. Qxc7 Nxc7 28. f3 Nc5 29. Rc1 N7e6 30. Nxe6 Nxe6 31. Kf2 Nf4 32. Rc3 b5 33.
b4 Ke6 34. h4 Kd6 35. g3 Ne6 36. Rd3+ Kc6 37. Ke3 h5 38. Rc3+ Kd6 39. Rc8 Nc7
40. Rf8 Nd5+ 41. Kd4 Ne7 42. Ra8 Ke6 43. f4 Kd6 44. Kd3 Nc6 45. Rf8 Ke6 46.
Re8+ Kd6 47. Ke3 Kd7 48. Rg8 Ne7 49. Rg7 Ke6 50. Kd4 Kd6 51. Rxe7 Kxe7 1-0

[Event "XXVII Open Anniversario"]
[Site "Provaglio d'Iseo ITA"]
[Date "2010.12.10"]
[Round "7"]
[White "Cristiani, Cesare"]
[Black "Cambieri, Mario"]
[WhiteElo "2159"]
[BlackElo "1889"]
[Result "0-1"]
[PlyCount "35"]
[EventDate "2010.10.29"]

1. d4 Nf6 2. Bg5 e6 3. e4 Be7 4. Bxf6 Bxf6 5. e5 Be7 6. Qg4 O-O 7. Bd3 f5 8.
Qh5 c5 9. g4 cxd4 10. gxf5 Qa5+ 11. Kd1 Qxe5 12. Nf3 Qf6 13. Rg1 exf5 14. Nbd2
d6 15. Rg3 g6 16. Qh6 Qg7 17. Bc4+ Kh8 18. Rxg6 0-1

[Event "XXVII Open Anniversario"]
[Site "Provaglio d'Iseo ITA"]
[Date "2010.12.10"]
[Round "7"]
[White "Dieli, Alberto"]
[Black "Ghidinelli, Giorgio"]
[WhiteElo "1936"]
[BlackElo "1911"]
[Result "1-0"]
[PlyCount "133"]
[EventDate "2010.10.29"]

1. d4 d5 2. c4 c6 3. Nf3 Nf6 4. Nc3 e6 5. Bg5 Be7 6. e3 Nbd7 7. Rc1 Ne4 8. Bxe7
Qxe7 9. Nxe4 dxe4 10. Nd2 f5 11. Qh5+ g6 12. Qh6 Nf6 13. Be2 Ng8 14. Qf4 h5 15.
Qe5 Qf6 16. Qc7 Ne7 17. O-O O-O 18. f3 exf3 19. Nxf3 Kh8 20. Ne5 Ng8 21. Rf2
Qg7 22. Qd6 Kh7 23. d5 exd5 24. cxd5 Re8 25. Nf3 Qe7 26. Qxe7+ Rxe7 27. dxc6
bxc6 28. e4 Rb8 29. Bd3 fxe4 30. Bxe4 Bb7 31. Ng5+ Kg7 32. Rcf1 Nh6 33. Rf6 Nf5
34. Re6 Rxe6 35. Nxe6+ Kf6 36. Nc5 Bc8 37. b3 Rb5 38. Nd3 Ra5 39. Nb4 c5 40.
Bxf5 Bxf5 41. Nd3 Rxa2 42. Nxc5 Rc2 43. Ne4+ Ke5 44. Ng3 Bd3 45. Ra1 a6 46. h4
Kd4 47. Nf1 Rb2 48. Kh2 Rxb3 49. Nd2 Rb2 50. Nf3+ Ke3 51. Ra3 Re2 52. Ne5 Rd2
53. Nc4+ Ke2 54. Nxd2 Kxd2 55. Kg3 Ke3 56. Rb3 Kd4 57. Kf4 Bc4 58. Ra3 Kc5 59.
Kg5 Kb4 60. Re3 Bf1 61. g3 Bh3 62. Kxg6 a5 63. Kxh5 a4 64. g4 Bf1 65. g5 Bc4
66. Kh6 Bb5 67. g6 1-0

[Event "XXVII Open Anniversario"]
[Site "Provaglio d'Iseo ITA"]
[Date "2010.12.10"]
[Round "7"]
[White "Conti, Ferdinando"]
[Black "Barucco, Mattia"]
[WhiteElo "1775"]
[BlackElo "1992"]
[Result "0-1"]
[PlyCount "86"]
[EventDate "2010.10.29"]

1. Nf3 Nf6 2. b4 d5 3. Bb2 Bf5 4. e3 e6 5. b5 Nbd7 6. Be2 Bd6 7. O-O e5 8. d3
Qe7 9. Nbd2 Bg6 10. Nh4 e4 11. f4 exd3 12. Nxg6 dxe2 13. Nxe7 exd1=Q 14. Raxd1
Bxe7 15. c4 dxc4 16. Nxc4 O-O-O 17. Ra1 Bc5 18. Rf3 Rhe8 19. h3 Re4 20. Rc1 Nb6
21. Bd4 Bxd4 22. exd4 Nxc4 23. Rxc4 Rdxd4 24. Rc2 Rc4 25. Rd2 Red4 26. Rdf2 Kd7
27. g3 c6 28. Rb2 Rb4 29. bxc6+ bxc6 30. Rc2 Nd5 31. a3 Rb1+ 32. Kg2 Rdd1 33.
h4 Rg1+ 34. Kh3 h5 35. Rd3 Rgd1 36. Rcd2 Rxd2 37. Rxd2 Rb3 38. a4 Ra3 39. a5
Rxa5 40. Rb2 Rb5 41. Ra2 a5 42. Rd2 a4 43. g4 Rb3+ 0-1

[Event "XXVII Open Anniversario"]
[Site "Provaglio d'Iseo ITA"]
[Date "2010.12.10"]
[Round "7"]
[White "Vagliati, Massimo"]
[Black "Schaberg, Wolfgang"]
[WhiteElo "1610"]
[BlackElo "1941"]
[Result "1/2-1/2"]
[PlyCount "56"]
[EventDate "2010.10.29"]

1. d4 d5 2. c4 dxc4 3. Nf3 Nf6 4. Nc3 Bf5 5. Nh4 e6 6. Nxf5 exf5 7. e3 Bb4 8.
Bd2 Bxc3 9. Bxc3 Qd5 10. Be2 O-O 11. Bf3 Ne4 12. O-O Nd7 13. Qc2 c6 14. Rfc1
Rfe8 15. Rab1 b5 16. Ba5 Rac8 17. b3 cxb3 18. Rxb3 g5 19. Rc3 Re6 20. h3 Rg6
21. Rb3 Re6 22. Rc3 a6 23. a3 c5 24. Bxe4 fxe4 25. dxc5 Ne5 26. Rd1 Nd3 27. Bb4
Rec6 28. f3 f5 1/2-1/2

[Event "XXVII Open Anniversario"]
[Site "Provaglio d'Iseo ITA"]
[Date "2010.12.10"]
[Round "7"]
[White "Lazzaroni, Fabio"]
[Black "Brugaletta, Giorgio"]
[WhiteElo "1827"]
[BlackElo "1675"]
[Result "1/2-1/2"]
[PlyCount "78"]
[EventDate "2010.10.29"]

1. e4 c5 2. Nf3 Nc6 3. d4 cxd4 4. Nxd4 g6 5. Nc3 a6 6. Be3 Bg7 7. Qd2 Nf6 8. f3
b5 9. Nxc6 dxc6 10. Qxd8+ Kxd8 11. Bb6+ Ke8 12. O-O-O Nd7 13. Ba5 f6 14. h4 h5
15. g3 Kf7 16. Ne2 Ne5 17. Nd4 c5 18. Nb3 Nxf3 19. Nxc5 Bg4 20. Rd5 Rhc8 21.
Bg2 Rc6 22. e5 Rac8 23. b4 Nxe5 24. Rxe5 fxe5 25. Bxc6 Rxc6 26. Re1 Bf5 27. Re2
Kg8 28. Bd8 Bf6 29. a3 Kh7 30. Kb1 Kh6 31. Re3 Rd6 32. Bc7 Rd2 33. Bxe5 Rxc2
34. Ka1 Bxe5+ 35. Rxe5 Rc3 36. Kb2 Rxg3 37. Nxa6 Rh3 38. Rxb5 Rh2+ 39. Kc3 Rh3+
1/2-1/2

[Event "XXVII Open Anniversario"]
[Site "Provaglio d'Iseo ITA"]
[Date "2010.12.10"]
[Round "7"]
[White "Cattaneo, Ugo"]
[Black "De Bellis, Aldo"]
[WhiteElo "1804"]
[BlackElo "1690"]
[Result "1-0"]
[PlyCount "44"]
[EventDate "2010.10.29"]

1. e4 e6 2. d4 d5 3. Nc3 Nf6 4. e5 Nfd7 5. Nf3 c5 6. Bf4 a6 7. Be2 Nc6 8. O-O
Be7 9. h3 cxd4 10. Nxd4 Ncxe5 11. Re1 Ng6 12. Bg3 O-O 13. Bd3 Nf6 14. h4 Bd6
15. Bxd6 Qxd6 16. h5 Nf4 17. h6 gxh6 18. Nf3 Kh8 19. Ne5 Ng6 20. Qf3 Kg7 21.
Qg3 Kh8 22. Nxg6+ hxg6 1-0

[Event "XXVII Open Anniversario"]
[Site "Provaglio d'Iseo ITA"]
[Date "2010.12.10"]
[Round "7"]
[White "Cattaneo, Dario"]
[Black "Messina, Massimo"]
[WhiteElo "1599"]
[BlackElo "1460"]
[Result "1-0"]
[PlyCount "63"]
[EventDate "2010.10.29"]

1. d4 f5 2. g3 Nf6 3. Bg2 g6 4. Nf3 Bg7 5. c3 e6 6. O-O b6 7. Bf4 Bb7 8. Nbd2
d6 9. Qb3 Qe7 10. Rfe1 Nbd7 11. Ng5 Nd5 12. Bxd5 Bxd5 13. Qc2 Bf6 14. Nh3 h5
15. e4 Bb7 16. exf5 gxf5 17. Nc4 O-O-O 18. Re2 Rde8 19. a4 Qf7 20. Bxd6 e5 21.
Nxe5 Nxe5 22. Bxe5 Qd5 23. Qxf5+ Kb8 24. f3 Bxe5 25. Rxe5 Rxe5 26. Qxe5 Qxf3
27. Qxh8+ Bc8 28. Rf1 Qe3+ 29. Nf2 Kb7 30. Qxh5 Bd7 31. Qe5 Qf3 32. Qe4+ 1-0